[Event "Team Championship Russia (Blitz, Men)"]
[Site "Sochi"]
[Date "2018.10.10"]
[Round "4.18"]
[White "Jary, Sergey"]
[Black "Antipov, Mikhail Al."]
[Result "0-1"]
[BlackElo "2491"]
[WhiteElo "2305"]
[LiveChessVersion "1.4.8"]

1. d4 {[%clk 0:03:03]} Nf6 {[%clk 0:03:03]} 2. Nf3 {[%clk 0:03:04]} c6
{[%clk 0:03:05]} 3. g3 {[%clk 0:03:06]} d5 {[%clk 0:03:06]} 4. Bg2
{[%clk 0:03:07]} Bf5 {[%clk 0:03:07]} 5. O-O {[%clk 0:03:08]} h6 {[%clk 0:03:08]}
6. c4 {[%clk 0:03:09]} e6 {[%clk 0:03:10]} 7. Qb3 {[%clk 0:03:10]} Qb6
{[%clk 0:03:08]} 8. c5 {[%clk 0:03:11]} Qc7 {[%clk 0:03:09]} 9. Bf4
{[%clk 0:03:12]} Qc8 {[%clk 0:03:10]} 10. Nbd2 {[%clk 0:03:13]} Nbd7
{[%clk 0:03:10]} 11. Qc3 {[%clk 0:03:13]} Be7 {[%clk 0:03:03]} 12. b4
{[%clk 0:03:13]} a6 {[%clk 0:02:56]} 13. Ne5 {[%clk 0:03:12]} O-O
{[%clk 0:02:50]} 14. Rfe1 {[%clk 0:03:05]} Nxe5 {[%clk 0:02:49]} 15. Bxe5
{[%clk 0:03:05]} Nd7 {[%clk 0:02:49]} 16. e4 {[%clk 0:03:04]} dxe4
{[%clk 0:02:48]} 17. Nxe4 {[%clk 0:03:04]} Bxe4 {[%clk 0:02:38]} 18. Rxe4
{[%clk 0:02:57]} Nxe5 {[%clk 0:02:27]} 19. dxe5 {[%clk 0:02:57]} Rd8
{[%clk 0:02:28]} 20. f4 {[%clk 0:02:35]} a5 {[%clk 0:02:26]} 21. a3
{[%clk 0:02:29]} Qd7 {[%clk 0:02:20]} 22. Ree1 {[%clk 0:02:18]} Qd2
{[%clk 0:02:00]} 23. Qxd2 {[%clk 0:02:10]} Rxd2 {[%clk 0:02:01]} 24. Rad1
{[%clk 0:02:09]} Rad8 {[%clk 0:01:33]} 25. Bf3 {[%clk 0:02:04]} axb4
{[%clk 0:00:57]} 26. axb4 {[%clk 0:01:50]} R2d4 {[%clk 0:00:58]} 27. Kg2
{[%clk 0:01:43]} Rxb4 {[%clk 0:00:50]} 28. Rxd8+ {[%clk 0:01:44]} Bxd8
{[%clk 0:00:51]} 29. Rc1 {[%clk 0:01:37]} Rb2+ {[%clk 0:00:44]} 30. Kh3
{[%clk 0:01:34]} Be7 {[%clk 0:00:39]} 31. Be4 {[%clk 0:01:28]} Rb4
{[%clk 0:00:29]} 32. Bd3 {[%clk 0:01:27]} g6 33. Kg4 {[%clk 0:01:19]} Rb3
{[%clk 0:00:16]} 34. Bc4 {[%clk 0:01:13]} h5+ {[%clk 0:00:12]} 35. Kh3
{[%clk 0:01:14]} Rb2 {[%clk 0:00:10]} 36. Bd3 {[%clk 0:00:59]} Kf8
{[%clk 0:00:10]} 37. Bc4 {[%clk 0:00:56]} Ke8 {[%clk 0:00:06]} 38. g4
{[%clk 0:00:52]} hxg4+ {[%clk 0:00:06]} 39. Kxg4 {[%clk 0:00:54]} Rxh2
{[%clk 0:00:05]} 40. Rb1 {[%clk 0:00:55]} Rc2 {[%clk 0:00:05]} 41. Bd3
{[%clk 0:00:55]} Rc3 {[%clk 0:00:04]} 42. Be2 {[%clk 0:00:50]} Bxc5
{[%clk 0:00:03]} 43. Rxb7 {[%clk 0:00:50]} Kf8 {[%clk 0:00:04]} 44. Bf3
{[%clk 0:00:47]} Be3 {[%clk 0:00:03]} 45. Be4 {[%clk 0:00:43]} Bf2
{[%clk 0:00:04]} 46. Bf3 {[%clk 0:00:44]} Kg7 {[%clk 0:00:05]} 47. Rc7
{[%clk 0:00:45]} c5 {[%clk 0:00:05]} 48. Rd7 {[%clk 0:00:41]} Rc4
{[%clk 0:00:05]} 49. Rd3 {[%clk 0:00:40]} Bd4 {[%clk 0:00:04]} 50. Kg3
{[%clk 0:00:39]} Rc1 {[%clk 0:00:04]} 51. Rd1 {[%clk 0:00:38]} Rc3
{[%clk 0:00:05]} 52. Kg4 {[%clk 0:00:39]} Be3 {[%clk 0:00:05]} 53. Re1
{[%clk 0:00:38]} Bd4 {[%clk 0:00:04]} 54. Rd1 {[%clk 0:00:39]} Rc4
{[%clk 0:00:05]} 55. Kg3 {[%clk 0:00:40]} Be3 {[%clk 0:00:06]} 56. Kg2
{[%clk 0:00:38]} Bxf4 57. Re1 Rc2+ {[%clk 0:00:07]} 58. Kh3 {[%clk 0:00:41]} Rc3
{[%clk 0:00:07]} 59. Kg4 {[%clk 0:00:42]} Bd2 {[%clk 0:00:07]} 60. Re4
{[%clk 0:00:42]} Rc1 {[%clk 0:00:07]} 61. Be2 {[%clk 0:00:43]} Bc3
{[%clk 0:00:07]} 62. Rc4 {[%clk 0:00:42]} Rg1+ {[%clk 0:00:07]} 63. Kf4
{[%clk 0:00:43]} Bd4 {[%clk 0:00:08]} 64. Bf3 {[%clk 0:00:44]} Re1
{[%clk 0:00:08]} 65. Be4 {[%clk 0:00:44]} g5+ {[%clk 0:00:09]} 66. Kf3
{[%clk 0:00:46]} Re3+ {[%clk 0:00:09]} 0-1

[Event "Team Championship Russia (Blitz, Men)"]
[Site "Sochi"]
[Date "2018.10.10"]
[Round "4.19"]
[White "Yuffa, Daniil"]
[Black "Papenin, Nikolai"]
[Result "1/2-1/2"]
[BlackElo "2337"]
[WhiteElo "2470"]
[LiveChessVersion "1.4.8"]

1. g3 {[%clk 0:03:03]} Nf6 {[%clk 0:03:04]} 2. Bg2 {[%clk 0:03:04]} g6
{[%clk 0:03:05]} 3. e4 {[%clk 0:03:05]} e5 {[%clk 0:03:05]} 4. Nc3
{[%clk 0:03:02]} Bg7 {[%clk 0:03:06]} 5. Nf3 {[%clk 0:03:03]} Nc6
{[%clk 0:03:07]} 6. O-O {[%clk 0:03:02]} O-O {[%clk 0:03:08]} 7. d3
{[%clk 0:03:02]} Re8 {[%clk 0:03:05]} 8. h3 {[%clk 0:03:03]} h6 {[%clk 0:03:06]}
9. Be3 {[%clk 0:03:02]} d6 {[%clk 0:03:00]} 10. Nd2 {[%clk 0:02:57]} Nd7
{[%clk 0:02:39]} 11. f4 {[%clk 0:02:47]} exf4 {[%clk 0:02:40]} 12. gxf4
{[%clk 0:02:48]} f5 {[%clk 0:02:41]} 13. Bf2 {[%clk 0:02:35]} Nf6
{[%clk 0:02:37]} 14. Qf3 {[%clk 0:02:33]} Nh5 {[%clk 0:02:24]} 15. Rae1
{[%clk 0:02:17]} Nd4 {[%clk 0:02:23]} 16. Bxd4 {[%clk 0:02:13]} Bxd4+
{[%clk 0:02:24]} 17. Kh1 {[%clk 0:02:13]} Qh4 {[%clk 0:02:21]} 18. Ne2
{[%clk 0:02:07]} Bb6 {[%clk 0:01:47]} 19. c3 {[%clk 0:01:51]} Bd7
{[%clk 0:01:43]} 20. Nc4 {[%clk 0:01:40]} Bc6 {[%clk 0:01:31]} 21. Nd2
{[%clk 0:01:13]} Rf8 {[%clk 0:01:28]} 22. Kh2 {[%clk 0:01:10]} Rae8
{[%clk 0:01:26]} 23. d4 {[%clk 0:00:41]} Bxe4 {[%clk 0:01:14]} 24. Nxe4
{[%clk 0:00:42]} Rxe4 {[%clk 0:01:15]} 25. Qd3 {[%clk 0:00:34]} Re7
{[%clk 0:00:50]} 26. Ng3 {[%clk 0:00:22]} Rxe1 {[%clk 0:00:46]} 27. Rxe1
{[%clk 0:00:24]} Qxf4 {[%clk 0:00:47]} 28. Qf3 {[%clk 0:00:14]} Qxf3
{[%clk 0:00:36]} 29. Bxf3 {[%clk 0:00:16]} Nxg3 {[%clk 0:00:34]} 30. Kxg3
{[%clk 0:00:17]} c6 {[%clk 0:00:31]} 31. Re6 {[%clk 0:00:12]} Kf7
{[%clk 0:00:31]} 32. d5 {[%clk 0:00:14]} Re8 {[%clk 0:00:20]} 33. Rxe8 Kxe8
{[%clk 0:00:22]} 34. dxc6 {[%clk 0:00:15]} bxc6 {[%clk 0:00:23]} 35. Bxc6+
{[%clk 0:00:16]} Kf7 {[%clk 0:00:21]} 36. Kf3 {[%clk 0:00:15]} Kf6
{[%clk 0:00:21]} 37. Be8 {[%clk 0:00:15]} g5 {[%clk 0:00:22]} 38. b3
{[%clk 0:00:10]} d5 {[%clk 0:00:22]} 39. a4 {[%clk 0:00:09]} Ke5 {[%clk 0:00:19]}
40. Bf7 {[%clk 0:00:06]} a5 {[%clk 0:00:12]} 41. Be8 {[%clk 0:00:04]} d4
{[%clk 0:00:13]} 42. cxd4+ {[%clk 0:00:05]} Bxd4 {[%clk 0:00:13]} 43. Bf7
{[%clk 0:00:07]} Bc3 {[%clk 0:00:14]} 44. Be8 {[%clk 0:00:08]} Bb4
{[%clk 0:00:09]} 45. Bf7 {[%clk 0:00:09]} Kf6 {[%clk 0:00:07]} 46. Be8
{[%clk 0:00:10]} Bc5 {[%clk 0:00:07]} 47. Bh5 {[%clk 0:00:11]} Bd6
{[%clk 0:00:07]} 48. Be8 {[%clk 0:00:12]} Ke5 {[%clk 0:00:06]} 49. Bf7
{[%clk 0:00:13]} Bc5 {[%clk 0:00:06]} 50. Be8 {[%clk 0:00:14]} Kf6
{[%clk 0:00:06]} 51. Bh5 {[%clk 0:00:14]} Bd6 {[%clk 0:00:06]} 52. Be8
{[%clk 0:00:15]} Ke5 {[%clk 0:00:06]} 53. Bf7 {[%clk 0:00:16]} Bb4
{[%clk 0:00:06]} 54. Be8 {[%clk 0:00:17]} Kd4 {[%clk 0:00:06]} 55. Bf7
{[%clk 0:00:18]} Ke5 {[%clk 0:00:07]} 56. Be8 {[%clk 0:00:19]} Kf6
{[%clk 0:00:06]} 57. Bh5 {[%clk 0:00:20]} Bc5 {[%clk 0:00:07]} 58. Be8
{[%clk 0:00:21]} Ke6 {[%clk 0:00:07]} 59. Bg6 {[%clk 0:00:20]} Ke5
{[%clk 0:00:08]} 60. Be8 {[%clk 0:00:21]} Kd4 {[%clk 0:00:10]} 61. Bf7
{[%clk 0:00:21]} Bd6 {[%clk 0:00:11]} 62. Be8 {[%clk 0:00:21]} Kc3
{[%clk 0:00:09]} 63. Bf7 {[%clk 0:00:22]} Kb4 {[%clk 0:00:08]} 64. Be6
{[%clk 0:00:22]} Kc3 {[%clk 0:00:05]} 65. Bxf5 {[%clk 0:00:23]} Kxb3
{[%clk 0:00:07]} 66. Bd7 {[%clk 0:00:23]} Kb4 {[%clk 0:00:08]} 67. Ke4 1/2-1/2

[Event "Team Championship Russia (Blitz, Men)"]
[Site "Sochi"]
[Date "2018.10.10"]
[Round "4.20"]
[White "Derjabin, Ilja"]
[Black "Kryakvin, Dmitry"]
[Result "1/2-1/2"]
[BlackElo "2468"]
[WhiteElo "2356"]
[LiveChessVersion "1.4.8"]

1. d4 {[%clk 0:03:03]} d5 {[%clk 0:03:03]} 2. c4 {[%clk 0:03:04]} c6
{[%clk 0:03:05]} 3. Nc3 Nf6 4. Nf3 {[%clk 0:03:06]} dxc4 {[%clk 0:03:07]} 5. a4
{[%clk 0:03:03]} a5 {[%clk 0:03:09]} 6. e3 {[%clk 0:03:04]} Bg4 {[%clk 0:03:09]}
7. h3 {[%clk 0:03:00]} Bh5 {[%clk 0:03:11]} 8. Bxc4 {[%clk 0:03:01]} e6
{[%clk 0:03:12]} 9. O-O {[%clk 0:03:01]} Bb4 {[%clk 0:03:13]} 10. g4
{[%clk 0:02:52]} Bg6 {[%clk 0:03:14]} 11. Ne5 {[%clk 0:02:54]} Nbd7
{[%clk 0:03:14]} 12. Nxg6 {[%clk 0:02:52]} hxg6 {[%clk 0:03:15]} 13. Kg2
{[%clk 0:02:51]} Nd5 {[%clk 0:02:54]} 14. Bd2 {[%clk 0:02:46]} Kf8
{[%clk 0:02:52]} 15. e4 {[%clk 0:02:27]} N5b6 {[%clk 0:02:51]} 16. Bb3
{[%clk 0:02:28]} Nf6 {[%clk 0:02:49]} 17. e5 {[%clk 0:02:22]} Nfd5
{[%clk 0:02:47]} 18. Ne4 {[%clk 0:02:17]} Qh4 {[%clk 0:02:28]} 19. Rh1
{[%clk 0:02:18]} Bxd2 {[%clk 0:02:27]} 20. Qxd2 {[%clk 0:02:20]} Rd8
{[%clk 0:02:27]} 21. Rad1 {[%clk 0:02:15]} Kg8 {[%clk 0:02:16]} 22. Qg5
{[%clk 0:01:56]} Qxg5 {[%clk 0:02:05]} 23. Nxg5 {[%clk 0:01:57]} Nb4
{[%clk 0:01:58]} 24. Ne4 {[%clk 0:01:53]} N6d5 {[%clk 0:01:55]} 25. Kg3
{[%clk 0:01:48]} Kf8 {[%clk 0:01:55]} 26. Nd6 {[%clk 0:01:40]} b6
{[%clk 0:01:51]} 27. f4 {[%clk 0:01:33]} Ke7 {[%clk 0:01:49]} 28. Kf3
{[%clk 0:01:23]} Rxd6 {[%clk 0:01:36]} 29. exd6+ {[%clk 0:01:24]} Kxd6
{[%clk 0:01:37]} 30. Bxd5 {[%clk 0:01:23]} Nxd5 {[%clk 0:01:33]} 31. h4
{[%clk 0:01:22]} Nf6 {[%clk 0:01:18]} 32. Rd2 {[%clk 0:01:23]} Rb8
{[%clk 0:01:12]} 33. h5 {[%clk 0:01:18]} gxh5 {[%clk 0:01:10]} 34. g5
{[%clk 0:01:19]} Nd5 {[%clk 0:01:11]} 35. Rxh5 {[%clk 0:01:19]} g6
{[%clk 0:01:10]} 36. Rh7 {[%clk 0:01:16]} Rb7 {[%clk 0:01:10]} 37. Rdh2
{[%clk 0:01:15]} b5 {[%clk 0:01:10]} 38. axb5 {[%clk 0:01:14]} Rxb5
{[%clk 0:00:49]} 39. Rxf7 {[%clk 0:00:33]} Rb3+ {[%clk 0:00:50]} 40. Kf2
{[%clk 0:00:34]} Rxb2+ {[%clk 0:00:47]} 41. Kg3 {[%clk 0:00:33]} Rb3+
{[%clk 0:00:47]} 42. Kf2 {[%clk 0:00:28]} Rb2+ {[%clk 0:00:46]} 43. Kg3
{[%clk 0:00:29]} Rb3+ {[%clk 0:00:46]} 44. Kf2 {[%clk 0:00:19]} Rb2+ 45. Kg3 Rb3+
{[%clk 0:00:47]} 46. Kf2 {[%clk 0:00:13]} Rb2+ {[%clk 0:00:47]} 47. Kg3
{[%clk 0:00:15]} Ke5 1/2-1/2

[Event "Team Championship Russia (Blitz, Men)"]
[Site "Sochi"]
[Date "2018.10.10"]
[Round "4.21"]
[White "Ozgibcev, Anatoly"]
[Black "Chigaev, Maksim"]
[Result "0-1"]
[BlackElo "2616"]
[WhiteElo "2353"]
[LiveChessVersion "1.4.8"]

1. e4 {[%clk 0:03:02]} g6 {[%clk 0:03:03]} 2. d4 {[%clk 0:03:03]} Bg7
{[%clk 0:03:05]} 3. Nf3 {[%clk 0:03:04]} d6 {[%clk 0:03:06]} 4. Nc3
{[%clk 0:03:05]} Nf6 {[%clk 0:03:07]} 5. h3 {[%clk 0:03:06]} O-O {[%clk 0:03:08]}
6. Be3 {[%clk 0:03:07]} a6 {[%clk 0:03:08]} 7. a4 {[%clk 0:03:08]} Nbd7
{[%clk 0:03:02]} 8. Bc4 {[%clk 0:03:05]} e5 {[%clk 0:03:00]} 9. dxe5
{[%clk 0:02:58]} dxe5 {[%clk 0:03:01]} 10. O-O {[%clk 0:02:53]} Qe7
{[%clk 0:02:51]} 11. Nd5 {[%clk 0:02:36]} Nxd5 {[%clk 0:02:52]} 12. Qxd5
{[%clk 0:02:37]} Nf6 {[%clk 0:02:19]} 13. Qc5 {[%clk 0:02:27]} Qd6
{[%clk 0:01:53]} 14. Bd3 {[%clk 0:01:57]} Qxc5 {[%clk 0:01:45]} 15. Bxc5
{[%clk 0:01:57]} Re8 {[%clk 0:01:46]} 16. Rfe1 {[%clk 0:01:52]} a5
{[%clk 0:01:42]} 17. Bc4 {[%clk 0:01:47]} Bf8 {[%clk 0:01:33]} 18. Bxf8
{[%clk 0:01:40]} Kxf8 {[%clk 0:01:34]} 19. Rad1 {[%clk 0:01:36]} h6
{[%clk 0:01:33]} 20. Re3 {[%clk 0:01:26]} Bd7 {[%clk 0:01:19]} 21. Bb5
{[%clk 0:00:59]} Re7 {[%clk 0:00:51]} 22. Bxd7 {[%clk 0:00:55]} Nxd7
{[%clk 0:00:52]} 23. Rc3 {[%clk 0:00:54]} Nf6 {[%clk 0:00:14]} 24. Rc5
{[%clk 0:00:55]} Nxe4 {[%clk 0:00:09]} 25. Rxe5 {[%clk 0:00:55]} Nd6
{[%clk 0:00:11]} 26. Rxe7 {[%clk 0:00:55]} Kxe7 {[%clk 0:00:12]} 27. Kf1
{[%clk 0:00:52]} Kf6 {[%clk 0:00:10]} 28. Nd4 {[%clk 0:00:51]} Re8
{[%clk 0:00:09]} 29. Re1 {[%clk 0:00:45]} Re5 {[%clk 0:00:10]} 30. Rxe5 Kxe5
{[%clk 0:00:11]} 31. Nf3+ {[%clk 0:00:43]} Kd5 {[%clk 0:00:09]} 32. Ke2
{[%clk 0:00:44]} Kc4 {[%clk 0:00:07]} 33. Ne5+ {[%clk 0:00:38]} Kb4
{[%clk 0:00:09]} 34. b3 {[%clk 0:00:36]} Kc3 {[%clk 0:00:10]} 35. Kd1
{[%clk 0:00:37]} Kd4 {[%clk 0:00:06]} 36. Nf3+ {[%clk 0:00:38]} Kc5
{[%clk 0:00:07]} 37. Ke2 {[%clk 0:00:37]} c6 {[%clk 0:00:07]} 38. Ne5
{[%clk 0:00:37]} Kd5 {[%clk 0:00:04]} 39. Nd7 {[%clk 0:00:36]} b5
{[%clk 0:00:05]} 40. Kd3 {[%clk 0:00:34]} bxa4 {[%clk 0:00:04]} 41. Nb6+
{[%clk 0:00:35]} Kc5 {[%clk 0:00:03]} 42. Nxa4+ {[%clk 0:00:36]} Kb4
{[%clk 0:00:05]} 43. Nb2 {[%clk 0:00:34]} c5 {[%clk 0:00:05]} 44. Kd2
{[%clk 0:00:33]} c4 {[%clk 0:00:06]} 45. Kc1 {[%clk 0:00:29]} cxb3
{[%clk 0:00:06]} 46. cxb3 {[%clk 0:00:30]} Kxb3 47. Nd3 a4 {[%clk 0:00:07]} 48.
Nc5+ {[%clk 0:00:32]} Kb4 {[%clk 0:00:09]} 49. Nd3+ {[%clk 0:00:34]} Kc3
{[%clk 0:00:10]} 50. Nc5 {[%clk 0:00:35]} a3 {[%clk 0:00:12]} 51. Kb1
{[%clk 0:00:34]} Kd2 {[%clk 0:00:10]} 52. Ka2 {[%clk 0:00:32]} Ke2
{[%clk 0:00:11]} 53. f4 {[%clk 0:00:33]} Kf2 {[%clk 0:00:12]} 54. g4 Kg3 55. f5
{[%clk 0:00:34]} Kxh3 {[%clk 0:00:11]} 56. fxg6 {[%clk 0:00:33]} fxg6
{[%clk 0:00:13]} 57. g5 {[%clk 0:00:34]} hxg5 {[%clk 0:00:12]} 58. Ne6
{[%clk 0:00:36]} Kh4 {[%clk 0:00:09]} 59. Kxa3 {[%clk 0:00:35]} g4
{[%clk 0:00:10]} 60. Kb2 {[%clk 0:00:35]} g3 {[%clk 0:00:11]} 61. Nf4
{[%clk 0:00:36]} Kg4 {[%clk 0:00:10]} 62. Nxg6 {[%clk 0:00:25]} Nc4+
{[%clk 0:00:08]} 63. Kc3 {[%clk 0:00:24]} g2 {[%clk 0:00:10]} 64. Kxc4 g1=Q
{[%clk 0:00:09]} 65. Ne5+ {[%clk 0:00:26]} Kf5 {[%clk 0:00:08]} 66. Nd3
{[%clk 0:00:27]} Qf1 {[%clk 0:00:08]} 67. Kd4 {[%clk 0:00:28]} Qd1
{[%clk 0:00:08]} 68. Ke3 {[%clk 0:00:29]} Qb3 {[%clk 0:00:08]} 69. Kd4
{[%clk 0:00:30]} Qb6+ {[%clk 0:00:08]} 70. Kd5 {[%clk 0:00:32]} Qd8+
{[%clk 0:00:10]} 71. Kc4 {[%clk 0:00:33]} Qc7+ {[%clk 0:00:10]} 72. Kd4
{[%clk 0:00:34]} Qd6+ {[%clk 0:00:11]} 73. Kc4 {[%clk 0:00:35]} Ke4
{[%clk 0:00:11]} 74. Nc5+ {[%clk 0:00:36]} Ke3 {[%clk 0:00:12]} 75. Nb3
{[%clk 0:00:34]} Qd3+ {[%clk 0:00:08]} 76. Kb4 {[%clk 0:00:35]} Qe4+
{[%clk 0:00:07]} 77. Kc5 {[%clk 0:00:35]} Qc2+ {[%clk 0:00:06]} 78. Kb4
{[%clk 0:00:36]} Qc7 {[%clk 0:00:06]} 79. Nc5 {[%clk 0:00:37]} Qd6
{[%clk 0:00:06]} 80. Kc4 {[%clk 0:00:38]} Qc6 {[%clk 0:00:07]} 81. Kb4
{[%clk 0:00:39]} Kd4 {[%clk 0:00:07]} 82. Nb3+ {[%clk 0:00:40]} Kd5
{[%clk 0:00:08]} 83. Ka3 {[%clk 0:00:40]} Qc3 {[%clk 0:00:07]} 84. Ka4
{[%clk 0:00:38]} Qc2 {[%clk 0:00:06]} 85. Kb4 {[%clk 0:00:39]} Qc4+
{[%clk 0:00:06]} 86. Ka3 {[%clk 0:00:41]} Qb5 0-1

[Event "Team Championship Russia (Blitz, Men)"]
[Site "Sochi"]
[Date "2018.10.10"]
[Round "4.23"]
[White "Inozemtsev, Sergei"]
[Black "Lugovskoy, Maxim"]
[Result "1-0"]
[BlackElo "2436"]
[WhiteElo "2312"]
[LiveChessVersion "1.4.8"]

1. e4 {[%clk 0:03:02]} e6 {[%clk 0:03:04]} 2. d3 {[%clk 0:03:03]} d5
{[%clk 0:03:05]} 3. Nd2 {[%clk 0:03:04]} b6 {[%clk 0:03:06]} 4. g3
{[%clk 0:03:05]} Nf6 {[%clk 0:03:03]} 5. Bg2 {[%clk 0:03:05]} dxe4
{[%clk 0:03:04]} 6. dxe4 {[%clk 0:03:05]} Bb7 {[%clk 0:03:05]} 7. Qe2
{[%clk 0:02:50]} Nc6 {[%clk 0:03:01]} 8. e5 {[%clk 0:02:41]} Nd4 {[%clk 0:02:56]}
9. Bxb7 {[%clk 0:02:24]} Nxe2 {[%clk 0:02:57]} 10. exf6 {[%clk 0:02:25]} Nd4
{[%clk 0:02:55]} 11. c3 {[%clk 0:02:22]} Rb8 {[%clk 0:02:55]} 12. Bg2
{[%clk 0:02:22]} Nc2+ {[%clk 0:02:15]} 13. Kd1 {[%clk 0:02:23]} Qxf6
{[%clk 0:02:01]} 14. Ne4 {[%clk 0:02:03]} Qg6 {[%clk 0:01:57]} 15. Kxc2
{[%clk 0:02:03]} Bc5 {[%clk 0:01:57]} 16. Nh3 {[%clk 0:01:57]} O-O
{[%clk 0:01:55]} 17. Nf4 {[%clk 0:01:52]} Qf5 {[%clk 0:01:56]} 18. Nd3
{[%clk 0:01:53]} Be7 {[%clk 0:01:54]} 19. Be3 {[%clk 0:01:38]} h6
{[%clk 0:01:55]} 20. Rad1 c5 21. f4 {[%clk 0:01:31]} b5 {[%clk 0:01:57]} 22. Ne5
{[%clk 0:01:30]} b4 {[%clk 0:01:46]} 23. c4 {[%clk 0:01:28]} b3+ {[%clk 0:01:46]}
24. axb3 {[%clk 0:01:29]} Rb7 {[%clk 0:01:26]} 25. Rd3 {[%clk 0:01:30]} Rfb8 26.
Rhd1 a5 27. Nc6 {[%clk 0:01:14]} Re8 {[%clk 0:00:44]} 28. Nxa5 {[%clk 0:01:10]}
Rc7 {[%clk 0:00:42]} 29. Ra1 {[%clk 0:00:57]} Qh5 {[%clk 0:00:43]} 30. Rd2
{[%clk 0:00:45]} Ra7 {[%clk 0:00:43]} 31. Ra3 {[%clk 0:00:41]} Rea8
{[%clk 0:00:43]} 32. Nc6 {[%clk 0:00:42]} Rxa3 {[%clk 0:00:31]} 33. Nxe7+
{[%clk 0:00:42]} Kf8 {[%clk 0:00:19]} 34. bxa3 {[%clk 0:00:43]} Kxe7
{[%clk 0:00:20]} 35. Bxc5+ {[%clk 0:00:42]} Ke8 {[%clk 0:00:21]} 36. Bb4
{[%clk 0:00:33]} Qf5 {[%clk 0:00:19]} 37. Kb2 {[%clk 0:00:34]} Ra6
{[%clk 0:00:17]} 38. Nd6+ {[%clk 0:00:31]} Rxd6 {[%clk 0:00:19]} 39. Bxd6
{[%clk 0:00:31]} g5 {[%clk 0:00:14]} 40. a4 {[%clk 0:00:27]} f6 {[%clk 0:00:14]}
41. Bb4 {[%clk 0:00:17]} gxf4 {[%clk 0:00:14]} 42. gxf4 {[%clk 0:00:18]} Qxf4
{[%clk 0:00:15]} 43. a5 {[%clk 0:00:19]} Qe5+ {[%clk 0:00:15]} 44. Bc3
{[%clk 0:00:20]} Qe3 {[%clk 0:00:13]} 45. a6 {[%clk 0:00:20]} f5 {[%clk 0:00:14]}
46. b4 {[%clk 0:00:19]} f4 {[%clk 0:00:15]} 47. c5 {[%clk 0:00:20]} f3
{[%clk 0:00:15]} 48. Bf1 {[%clk 0:00:18]} Qe4 {[%clk 0:00:09]} 49. Bb5+
{[%clk 0:00:18]} Kf7 {[%clk 0:00:04]} 50. a7 {[%clk 0:00:19]} Qa8
{[%clk 0:00:04]} 51. Rd7+ {[%clk 0:00:19]} Kg6 {[%clk 0:00:06]} 52. Rc7
{[%clk 0:00:18]} f2 {[%clk 0:00:07]} 53. c6 {[%clk 0:00:18]} Qd8 {[%clk 0:00:05]}
54. Rd7 {[%clk 0:00:18]} Qa8 {[%clk 0:00:04]} 55. Bd3+ {[%clk 0:00:19]} Kh5
{[%clk 0:00:04]} 56. b5 {[%clk 0:00:20]} Qf8 {[%clk 0:00:03]} 57. c7
{[%clk 0:00:14]} Qc8 {[%clk 0:00:03]} 58. Rd8 {[%clk 0:00:13]} Qxc7 59. a8=Q
{[%clk 0:00:14]} Qxh2 {[%clk 0:00:05]} 60. Bf1 {[%clk 0:00:14]} Qh4
{[%clk 0:00:05]} 61. Qf3+ {[%clk 0:00:14]} Kg6 {[%clk 0:00:05]} 62. Rg8+
{[%clk 0:00:15]} Kh7 {[%clk 0:00:06]} 63. Qf7# {[%clk 0:00:16]} 1-0

[Event "Team Championship Russia (Blitz, Men)"]
[Site "Sochi"]
[Date "2018.10.10"]
[Round "4.24"]
[White "Murzin, Volodar"]
[Black "Pogromsky, Mikhail"]
[Result "1-0"]
[BlackElo "2462"]
[WhiteElo "2450"]
[LiveChessVersion "1.4.8"]

1. e4 {[%clk 0:03:03]} Nf6 {[%clk 0:03:00]} 2. e5 {[%clk 0:02:58]} Nd5
{[%clk 0:03:01]} 3. d4 {[%clk 0:02:58]} d6 {[%clk 0:03:02]} 4. c4
{[%clk 0:02:59]} Nb6 {[%clk 0:03:03]} 5. Nf3 {[%clk 0:02:57]} Bg4
{[%clk 0:03:03]} 6. Nc3 {[%clk 0:02:53]} dxe5 {[%clk 0:02:58]} 7. dxe5
{[%clk 0:02:49]} Qxd1+ {[%clk 0:02:58]} 8. Nxd1 {[%clk 0:02:38]} Nc6
{[%clk 0:02:41]} 9. Bf4 {[%clk 0:02:36]} Bxf3 {[%clk 0:02:37]} 10. gxf3
{[%clk 0:02:36]} e6 {[%clk 0:02:39]} 11. Nc3 {[%clk 0:02:21]} Nd7
{[%clk 0:02:34]} 12. O-O-O {[%clk 0:02:10]} a6 {[%clk 0:02:19]} 13. Re1
{[%clk 0:01:59]} Bc5 {[%clk 0:02:19]} 14. Bg3 {[%clk 0:01:51]} Bd4
{[%clk 0:02:20]} 15. f4 {[%clk 0:01:47]} Bxc3 {[%clk 0:02:21]} 16. bxc3
{[%clk 0:01:48]} g6 {[%clk 0:02:19]} 17. Bh4 {[%clk 0:01:45]} Ne7
{[%clk 0:02:17]} 18. Bd3 {[%clk 0:01:38]} Nc5 {[%clk 0:01:46]} 19. Bc2
{[%clk 0:01:37]} Nf5 {[%clk 0:01:44]} 20. Bf6 {[%clk 0:01:35]} O-O
{[%clk 0:01:43]} 21. Rd1 {[%clk 0:01:25]} Rfe8 {[%clk 0:01:40]} 22. h4
{[%clk 0:01:15]} h5 {[%clk 0:01:41]} 23. Rd2 {[%clk 0:01:05]} b5 {[%clk 0:01:33]}
24. Rhd1 {[%clk 0:00:43]} bxc4 {[%clk 0:01:25]} 25. Kb2 {[%clk 0:00:35]} Rab8+
{[%clk 0:01:21]} 26. Ka3 {[%clk 0:00:27]} Nh6 {[%clk 0:01:17]} 27. f3
{[%clk 0:00:15]} Nf5 {[%clk 0:01:18]} 28. Bxf5 {[%clk 0:00:05]} exf5
{[%clk 0:01:19]} 29. Rd4 {[%clk 0:00:06]} Ne6 {[%clk 0:00:34]} 30. Rxc4
{[%clk 0:00:07]} Rb5 {[%clk 0:00:36]} 31. Rd7 {[%clk 0:00:03]} Reb8
{[%clk 0:00:33]} 32. Ra4 {[%clk 0:00:04]} Nc5 {[%clk 0:00:27]} 33. Rxc7
{[%clk 0:00:05]} Nxa4 {[%clk 0:00:28]} 34. Kxa4 {[%clk 0:00:06]} R5b6
{[%clk 0:00:20]} 35. Ka3 {[%clk 0:00:06]} Rb5 {[%clk 0:00:18]} 36. Ka4
{[%clk 0:00:07]} Rb2 {[%clk 0:00:19]} 37. Ka3 {[%clk 0:00:08]} Rf2
{[%clk 0:00:20]} 38. e6 {[%clk 0:00:07]} fxe6 {[%clk 0:00:21]} 39. Be5
{[%clk 0:00:07]} Rb5 {[%clk 0:00:17]} 40. Rg7+ {[%clk 0:00:06]} Kf8
{[%clk 0:00:18]} 41. Rxg6 {[%clk 0:00:07]} Rxf3 {[%clk 0:00:17]} 42. Rxe6
{[%clk 0:00:07]} Rh3 {[%clk 0:00:16]} 43. Rxa6 {[%clk 0:00:07]} Rxh4
{[%clk 0:00:16]} 44. Rf6+ {[%clk 0:00:07]} Ke8 {[%clk 0:00:16]} 45. Rxf5
{[%clk 0:00:07]} Rh2 {[%clk 0:00:17]} 46. Rg5 {[%clk 0:00:07]} Ra5+
{[%clk 0:00:17]} 47. Kb4 {[%clk 0:00:09]} Raxa2 {[%clk 0:00:16]} 48. f5
{[%clk 0:00:08]} Rhe2 {[%clk 0:00:13]} 49. Bd4 {[%clk 0:00:08]} Kf7
{[%clk 0:00:12]} 50. Rxh5 {[%clk 0:00:09]} Re8 {[%clk 0:00:08]} 51. Rh7+
{[%clk 0:00:10]} Kg8 {[%clk 0:00:10]} 52. Rg7+ {[%clk 0:00:10]} Kf8
{[%clk 0:00:12]} 53. f6 {[%clk 0:00:11]} Re6 {[%clk 0:00:12]} 54. Bc5+ 1-0